[Event "POL Olympiad U14"]
[Site "Drzonkow"]
[Date "2017.04.08"]
[Round "9"]
[White "Chaczynski, Kamil"]
[Black "Ciesielski, Maciej"]
[Result "1/2-1/2"]
[WhiteElo "1614"]
[BlackElo "1424"]
[PlyCount "84"]
[EventDate "2017.04.02"]
[EventType "swiss"]
[EventRounds "9"]
[EventCountry "POL"]
[SourceTitle "EXT 2020"]
[Source "ChessBase"]
[SourceDate "2019.10.17"]
[SourceVersion "1"]
[SourceVersionDate "2019.10.17"]
[SourceQuality "1"]

1. c4 e5 2. Nc3 Nf6 3. g3 c6 4. Bg2 Bc5 5. d3 0-0 6. Nf3 d6 7. Bg5 h6 8. Bxf6 Qxf6 9. Ne4 Qe7 10. Nxc5 dxc5 11. 0-0 Bg4 12. Qc2 Nd7 13. a3 Rfd8 14. Rab1 Nf6 15. Rfe1 Bf5 16. Nd2 Rd4 17. e4 Bg4 18. Nf3 Bxf3 19. Bxf3 Rad8 20. Be2 Qe6 21. b4 cxb4 22. Rxb4 b6 23. a4 Qh3 24. Bf1 Qh5 25. Kg2 Ng4 26. h3 Nf6 27. Reb1 Ne8 28. c5 bxc5 29. Qxc5 Rxb4 30. Rxb4 Rd6 31. Rb8 Re6 32. Qxa7 Kh7 33. a5 Nd6 34. a6 Nb5 35. Qb7 Rf6 36. Qb6 Qf3+ 37. Kg1 Nd4 38. Qb2 Qd1 39. Qb1 Nf3+ 40. Kg2 Ne1+ 41. Kg1 Nf3+ 42. Kg2 Qa4 1/2-1/2

[Event "POL Olympiad U14"]
[Site "Drzonkow"]
[Date "2017.04.03"]
[Round "2"]
[White "Ciesielski, Maciej"]
[Black "Jaszczuk, Hubert"]
[Result "0-1"]
[WhiteElo "1424"]
[BlackElo "1700"]
[PlyCount "56"]
[EventDate "2017.04.02"]
[EventType "swiss"]
[EventRounds "9"]
[EventCountry "POL"]
[SourceTitle "EXT 2020"]
[Source "ChessBase"]
[SourceDate "2019.10.17"]
[SourceVersion "1"]
[SourceVersionDate "2019.10.17"]
[SourceQuality "1"]

1. e4 c5 2. f4 e6 3. Nf3 d5 4. exd5 exd5 5. d3 Nc6 6. Be2 Be7 7. 0-0 Nf6 8. Nc3 a6 9. d4 c4 10. Ne5 Qb6 11. Nxc6 Qxc6 12. Bf3 0-0 13. Re1 Bb4 14. Re5 Rd8 15. Qe1 Bg4 16. Nxd5 Nxd5 17. Bxd5 Rxd5 18. Qxb4 Rxd4 19. Be3 Rd5 20. Rxd5 Qxd5 21. Re1 Re8 22. h3 Bf5 23. Qa4 Bd7 24. Qb4 Bc6 25. Qd2 Rxe3 26. Qxd5 Rxe1+ 27. Kf2 Bxd5 28. Kxe1 Bxg2 0-1

[Event "POL Olympiad U14"]
[Site "Drzonkow"]
[Date "2017.04.02"]
[Round "1"]
[White "Ossolinski, Ziemowit"]
[Black "Ciesielski, Maciej"]
[Result "1-0"]
[WhiteElo "1790"]
[BlackElo "1424"]
[PlyCount "85"]
[EventDate "2017.04.02"]
[EventType "swiss"]
[EventRounds "9"]
[EventCountry "POL"]
[SourceTitle "EXT 2020"]
[Source "ChessBase"]
[SourceDate "2019.10.17"]
[SourceVersion "1"]
[SourceVersionDate "2019.10.17"]
[SourceQuality "1"]

1. e4 c5 2. Nf3 e6 3. d4 cxd4 4. Nxd4 a6 5. c4 Qc7 6. a3 Nc6 7. Nc3 Nge7 8. Be3 g6 9. Be2 Bg7 10. 0-0 b6 11. Rc1 Be5 12. Nf3 Bg7 13. Qd2 Ne5 14. Nd4 N5c6 15. Rfd1 0-0 16. Bf1 Bb7 17. Na4 Rfd8 18. Nxc6 Qxc6 19. Nxb6 Rab8 20. f3 f5 21. Bd3 Ba8 22. c5 Qc7 23. b4 fxe4 24. Nxa8 Rxa8 25. Bxe4 Rab8 26. Bg5 Nf5 27. Bxf5 exf5 28. Bxd8 Rxd8 29. Qd5+ Kh8 30. Qd6 Qa7 31. Qb6 Qa8 32. Qc7 Bb2 33. Rc2 Bxa3 34. Rxd7 Rxd7 35. Qxd7 a5 36. Re2 axb4 37. Re7 Qf8 38. Re8 Qxe8 39. Qxe8+ Kg7 40. c6 b3 41. c7 b2 42. Qb5 Bc5+ 43. Kf1 1-0

[Event "POL Olympiad U12"]
[Site "Spala"]
[Date "2014.12.30"]
[Round "8.22"]
[White "Ciesielski, Maciej"]
[Black "Frydrych, Lukasz"]
[Result "1-0"]
[WhiteElo "1201"]
[BlackElo "1493"]
[PlyCount "85"]
[EventDate "2014.04.06"]
[EventType "swiss"]
[EventRounds "9"]
[EventCountry "POL"]
[SourceTitle "EXT 2023"]
[Source "ChessBase"]
[SourceDate "2022.10.05"]
[SourceVersion "1"]
[SourceVersionDate "2022.10.05"]
[SourceQuality "1"]

1. e4 c6 2. d4 d5 3. e5 Bf5 4. Nf3 h6 5. Nc3 e6 6. Be3 Nd7 7. Be2 c5 8. 0-0 c4 9. Qd2 Ne7 10. b3 cxb3 11. cxb3 Nc6 12. Rac1 Ba3 13. Ra1 0-0 14. Bb5 Qb6 15. Bxc6 Qxc6 16. Ne2 Qa6 17. Ng3 Bh7 18. Rad1 Rfc8 19. Bxh6 gxh6 20. Qxh6 Bf8 21. Qg5+ Kh8 22. Nh5 Qxa2 23. Nf6 Nxf6 24. Qxf6+ Kg8 25. Ng5 Bg6 26. Nxe6 Rc6 27. f4 Rxe6 28. Qg5 Be7 29. Qg3 Qc2 30. f5 Rb6 31. fxg6 Rxg6 32. Qf3 Kh8 33. Rc1 Qe4 34. Qxe4 dxe4 35. Rxf7 Bg5 36. Re1 e3 37. d5 Rd8 38. e6 Rxd5 39. e7 Rg8 40. h4 Bxh4 41. Rxe3 Bxe7 42. Rexe7 Rd2 43. Rh7# 1-0

[Event "POL-ch U10"]
[Site "Szczyrk"]
[Date "2013.03.06"]
[Round "3.12"]
[White "Mis, Mieszko"]
[Black "Ciesielski, Maciej"]
[Result "1-0"]
[WhiteElo "1465"]
[BlackElo "1233"]
[PlyCount "59"]
[EventDate "2013.03.04"]
[EventType "swiss"]
[EventRounds "9"]
[EventCountry "POL"]
[SourceTitle "EXT 2023"]
[Source "ChessBase"]
[SourceDate "2022.10.05"]
[SourceVersion "1"]
[SourceVersionDate "2022.10.05"]
[SourceQuality "1"]

1. e4 c5 2. Nf3 e6 3. d4 cxd4 4. Nxd4 a6 5. Nc3 Qc7 6. Be3 Nc6 7. Qd2 Nf6 8. f3 b5 9. 0-0-0 Bb7 10. g4 h6 11. h4 Rc8 12. Kb1 d6 13. Bd3 Be7 14. g5 hxg5 15. hxg5 Rxh1 16. Rxh1 Nd7 17. Rh8+ Nf8 18. g6 f6 19. Nxe6 Qd7 20. Nxg7+ Kd8 21. Bb6+ Rc7 22. Nd5 Kc8 23. Nxc7 Ne5 24. Qc3 Kb8 25. Rh7 Nexg6 26. Rh6 Bd8 27. Nge8 Qe7 28. Qd4 Ne5 29. Ba7+ Kc8 30. Nxd6+ 1-0